| 000 | 01809nam a22004457a 4500 | ||
|---|---|---|---|
| 001 | 0065175 | ||
| 003 | KOHA_MİRAKIL | ||
| 005 | 20260207004550.0 | ||
| 007 | ta | ||
| 008 | 191224b2010 gea|||gr||||#||||0|eng | | ||
| 020 | _a9783447061858 | ||
| 020 |
_a _a 3447061855 |
||
| 040 |
_aTR-BiSEU _btur _cTR-BiSEU _erda |
||
| 041 | 0 |
_aeng _ager |
|
| 044 | _cge | ||
| 050 |
_aZ464.T89 _bI58 2010 |
||
| 111 | 2 |
_aInternational Conference on Karamanlidika Studies (1st : 2008 : Nicosia, Cyprus) _9122107 |
|
| 245 | 1 |
_aCries and whispers in Karamanlidika books : _bproceedings of the first International Conference on Karamanlidika Studies (Nicosia, 11th-13th September 2008)/ _cedited by Evangelia Balta and Matthias Kappler. |
|
| 264 | 1 |
_aWiesbaden : _bHarrassowitz _c2010 |
|
| 300 |
_a292 pages : _billustrated ; _c24 cm. |
||
| 336 |
_ametin _btxt _2rdacontent |
||
| 337 |
_aaracısız _bn _2rdamedia |
||
| 338 |
_acilt _bnc _2rdacarrier |
||
| 490 | 1 |
_aTurcologica ; _vBd. |
|
| 490 | 1 | _a83 | |
| 500 | _aIncludes bibliographical references. | ||
| 650 | 0 |
_aKaramanli imprints--Congresses. _9122108 |
|
| 650 | 0 |
_aPublishers and publishing--Turkey--History--Congresses. _940276 |
|
| 650 | 0 |
_aTurkish imprints--History--Congresses. _9122109 |
|
| 650 | 0 |
_aGreek imprints--Turkey--History--Congresses. _9122110 |
|
| 650 | 0 |
_aTurkish literature--History and criticism--Congresses. _958681 |
|
| 650 | 0 |
_aKaramanlı dizileri--Kongreler. _9122111 |
|
| 650 | 0 |
_aYayıncılar ve yayıncılık--Türkiye--Tarih--Kongreler. _9122112 |
|
| 650 | 0 |
_aTürk dizileri--Tarih--Kongreler. _9122113 |
|
| 650 | 0 |
_aYunan dizileri--Türkiye--Tarih--Kongreler. _9122114 |
|
| 650 | 0 |
_aTürk edebiyatı--Tarih ve eleştiri--Kongreler. _986911 |
|
| 830 | 1 |
_aTurcologica ; _vBd. _9121479 |
|
| 830 | 1 |
_a83 _99190 |
|
| 942 |
_2lcc _cBK |
||
| 999 |
_c65482 _d65482 |
||